| 000 | 00923nam a2200229 a 4500 | ||
|---|---|---|---|
| 001 | 000016712 | ||
| 003 | AM-YEHGA | ||
| 005 | 20250618070741.0 | ||
| 008 | 000702s1984 ai |||||||||||||||| arm d | ||
| 040 | _aAM-YeHGA | ||
| 041 | 0 | _aarm | |
| 100 | 1 |
_aԹոքմաջյան, Հասմիկ Արմենակի, _d1923-1997 _9308 |
|
| 245 | 1 | 0 |
_aԱնգլերենի դասագիրք : _bՈւսումնական ձեռնարկ / _cՀ.Ա. Թոքմաջյան, Ե.Ս Մխիթարյան. |
| 246 | 1 | 5 | _aEnglish for students of the Humanities |
| 260 |
_aԵրևան : _bԵրևանի համալս. հրատ., _c1984. |
||
| 300 | _a449 էջ | ||
| 500 | _aՆախատեսված է բուհերի ոչ մասնագիտական ֆակուլտետների ուսանողների համար | ||
| 650 | 1 | 4 | _aԱնգլերեն լեզու |
| 700 | 1 |
_aՄխիթարյան, Ելենա Սարիբեկի, _d1936- _93890 |
|
| 942 |
_2udc _cBK |
||
| 090 | _c4780 | ||
| 999 |
_c4742 _d4742 |
||